|
|
|
|
| LEADER |
00000nab a2200000 a 4500 |
| 001 |
vtls000096659 |
| 003 |
SK-MaSNL |
| 005 |
20260304074302.0 |
| 008 |
250422c1981 xo 0 slo |
| 015 |
|
|
|a SNBRB19rr/mm-uuuuu
|
| 035 |
|
|
|a CL0106762
|
| 035 |
|
|
|a urn:nbn:sk:snk-abdkxr
|
| 035 |
|
|
|a (urnnbn)urn:nbn:sk:snk:ar-001wjs
|
| 035 |
|
|
|a (uuid)b5f6e64b-7f1e-4706-b77e-b0f4fb6be5c7
|
| 040 |
|
|
|a SNKBUCL
|b slo
|c SNKBUCL
|e AACR2
|
| 041 |
0 |
|
|a slo
|
| 044 |
|
|
|a xo
|c SK
|
| 080 |
|
|
|a 727
|2 1981
|
| 100 |
1 |
|
|a Slíž, Jozef
|4 aut
|9 820584
|
| 245 |
1 |
0 |
|a Základná deväťročná škola v bratislavskej Petržalke
|c Jozef Slíž, Eva Grébertová
|
| 300 |
|
|
|b Obr. 24.
|
| 650 |
0 |
7 |
|a školy základné
|2 snkbucl
|9 390867
|
| 655 |
|
7 |
|a články z novín a časopisov
|2 snkbucl
|9 267496
|
| 700 |
1 |
|
|a Grébertová, Eva
|4 aut
|9 429702
|
| 773 |
0 |
|
|t Projekt
|g Roč. 23, č. 8 (1981), s. 12-17
|
| 850 |
|
|
|a Slovenská národná knižnica
|
| 852 |
|
|
|a Slovenská národná knižnica
|
| 954 |
|
|
|a odborná, vedecká literatúra pôvodná (slovenská)
|2 lita
|
| 957 |
|
|
|a 5100
|
| 958 |
|
|
|a article19
|
| 958 |
|
|
|a OND
|
| 958 |
|
|
|a RK
|
| 958 |
|
|
|a EUIPO
|
| 992 |
|
|
|a RBX
|
| 999 |
|
|
|c 2775621
|d 2777551
|